[Event "CZE-chT2A 1920"]
[Site "Czech Republic"]
[Date "2020.02.23"]
[Round "9.5"]
[White "Grill, Roman"]
[Black "Petras, Milan"]
[Result "1-0"]
[WhiteElo "2120"]
[BlackElo "1996"]
[PlyCount "97"]
[EventDate "2019.10.13"]
[EventType "team-tourn"]
[EventRounds "11"]
[EventCountry "CZE"]
[SourceTitle "EXT 2024"]
[Source "ChessBase"]
[SourceDate "2023.10.10"]
[SourceVersion "1"]
[SourceVersionDate "2023.10.10"]
[SourceQuality "1"]
[WhiteTeam "Pisek"]
[BlackTeam "Pribram Banik"]
[WhiteTeamCountry "CZE"]
[BlackTeamCountry "CZE"]

1. Nf3 Nf6 2. g3 g6 3. Bg2 Bg7 4. c4 0-0 5. 0-0 d6 6. d4 Nbd7 7. Nc3 e5 8. e4 exd4 9. Nxd4 Re8 10. h3 a6 11. Re1 Ne5 12. b3 Rb8 13. Be3 c5 14. Nc2 b5 15. f4 Ned7 16. cxb5 axb5 17. Qxd6 b4 18. Na4 Nxe4 19. Bxe4 Bxa1 20. Rxa1 Rxe4 21. Nxc5 Qe7 22. Nxe4 Qxe4 23. Qd2 Bb7 24. Kh2 Rc8 25. Nxb4 Nf6 26. Re1 Re8 27. Nc2 Rc8 28. Bc5 Qc6 29. b4 Kg7 30. Nd4 Qd5 31. Nb3 Qh5 32. Bd4 Qf5 33. g4 Qd5 34. g5 h5 35. Bxf6+ Kh7 36. Qxd5 Bxd5 37. Nd4 h4 38. Kg1 Bxa2 39. b5 Bd5 40. Nc6 Be6 41. Nd8 Bxh3 42. Re8 Rc1+ 43. Kh2 Rc2+ 44. Kxh3 Rc3+ 45. Kh2 Rc2+ 46. Kg1 Rc1+ 47. Kf2 Rc2+ 48. Ke1 Re2+ 49. Kxe2 1-0

[Event "CZE-chT2A 1920"]
[Site "Czech Republic"]
[Date "2020.01.12"]
[Round "6.5"]
[White "Hradecky, Ivo"]
[Black "Grill, Roman"]
[Result "1/2-1/2"]
[WhiteElo "2015"]
[BlackElo "2120"]
[PlyCount "44"]
[EventDate "2019.10.13"]
[EventType "team-tourn"]
[EventRounds "11"]
[EventCountry "CZE"]
[SourceTitle "EXT 2024"]
[Source "ChessBase"]
[SourceDate "2023.10.10"]
[SourceVersion "1"]
[SourceVersionDate "2023.10.10"]
[SourceQuality "1"]
[WhiteTeam "Vlasim II"]
[BlackTeam "Pisek"]
[WhiteTeamCountry "CZE"]
[BlackTeamCountry "CZE"]

1. d4 g6 2. c4 Bg7 3. e4 d6 4. Nc3 Nf6 5. Be2 0-0 6. Bg5 Na6 7. Qd2 Qe8 8. Nf3 e5 9. dxe5 dxe5 10. 0-0 Nc5 11. Qc2 Ne6 12. Be3 c6 13. h3 Nh5 14. Rfd1 f5 15. b4 fxe4 16. Nxe4 Nhf4 17. Rac1 Nxe2+ 18. Qxe2 Nf4 19. Bxf4 exf4 20. Rc2 Bf5 21. Nd6 Qxe2 22. Rxe2 Bc3 1/2-1/2

[Event "CZE-chT2A 1920"]
[Site "Czech Republic"]
[Date "2019.12.15"]
[Round "5.5"]
[White "Grill, Roman"]
[Black "Loskot, Petr"]
[Result "1-0"]
[WhiteElo "2120"]
[BlackElo "2071"]
[PlyCount "59"]
[EventDate "2019.10.13"]
[EventType "team-tourn"]
[EventRounds "11"]
[EventCountry "CZE"]
[SourceTitle "EXT 2024"]
[Source "ChessBase"]
[SourceDate "2023.10.10"]
[SourceVersion "1"]
[SourceVersionDate "2023.10.10"]
[SourceQuality "1"]
[WhiteTeam "Pisek"]
[BlackTeam "Tabor"]
[WhiteTeamCountry "CZE"]
[BlackTeamCountry "CZE"]

1. c4 e5 2. g3 Nf6 3. Bg2 Nc6 4. Nc3 Bb4 5. Nf3 0-0 6. 0-0 Re8 7. d3 h6 8. Bd2 a5 9. a3 Bc5 10. Na4 Bf8 11. c5 b5 12. cxb6 cxb6 13. Be3 Rb8 14. Rc1 b5 15. Nc5 b4 16. d4 Ng4 17. d5 Nxe3 18. fxe3 Na7 19. axb4 axb4 20. Qb3 Qa5 21. d6 Bxd6 22. Ng5 Re6 23. Ngxe6 fxe6 24. Qc4 Qb6 25. Rf3 Nc6 26. Nd3 Be7 27. Nf2 Ba6 28. Qc2 Bg5 29. Qg6 Rf8 30. Rxc6 1-0

[Event "CZE-chT2A 1819"]
[Site "Czech Republic"]
[Date "2019.01.27"]
[Round "7.7"]
[White "Simunek, Ales"]
[Black "Grill, Roman"]
[Result "0-1"]
[WhiteElo "2129"]
[BlackElo "2098"]
[PlyCount "102"]
[EventDate "2018.10.14"]
[EventType "team-tourn"]
[EventRounds "11"]
[EventCountry "CZE"]
[SourceTitle "EXT 2022"]
[Source "ChessBase"]
[SourceDate "2021.10.06"]
[SourceVersion "1"]
[SourceVersionDate "2021.10.06"]
[SourceQuality "1"]
[WhiteTeam "Line"]
[BlackTeam "Pisek"]
[WhiteTeamCountry "CZE"]
[BlackTeamCountry "CZE"]

1. e4 g6 2. d4 Bg7 3. Nc3 c6 4. Nf3 d5 5. h3 Nf6 6. Bd3 dxe4 7. Nxe4 Nxe4 8. Bxe4 Nd7 9. c3 0-0 10. 0-0 e5 11. Bc2 exd4 12. Nxd4 Nc5 13. Be3 Ne6 14. Nb3 b6 15. Be4 Qc7 16. Qc2 f5 17. Bf3 f4 18. Bd4 Ng5 19. Bg4 f3 20. Bxg7 Kxg7 21. Nd4 fxg2 22. Kxg2 c5 23. f4 Bb7+ 24. Bf3 cxd4 25. fxg5 Rxf3 26. Rxf3 Rf8 27. Raf1 Qf4 28. Qd3 Qxg5+ 29. Kh2 Bxf3 30. Rxf3 Rxf3 31. Qxf3 Qd2+ 32. Kg3 dxc3 33. bxc3 Qxa2 34. Qe3 Qf7 35. h4 h5 36. Qd4+ Kh7 37. Qe5 b5 38. Qxb5 Qc7+ 39. Kg2 Qxc3 40. Qd7+ Qg7 41. Qd8 Qb7+ 42. Kh2 a6 43. Kg3 Qa7 44. Kf3 a5 45. Qf8 Qb7+ 46. Kf2 a4 47. Qa3 Qe4 48. Qg3 Qc2+ 49. Ke1 Qc1+ 50. Ke2 a3 51. Qe5 Qb2+ 0-1

[Event "CZE-chT2C 1718"]
[Site "Czech Republic"]
[Date "2018.02.25"]
[Round "9.2"]
[White "Grill, Roman"]
[Black "Neckar, Lubomir"]
[Result "1/2-1/2"]
[WhiteElo "2093"]
[BlackElo "2309"]
[PlyCount "40"]
[EventDate "2017.10.15"]
[EventType "team-tourn"]
[EventRounds "11"]
[EventCountry "CZE"]
[SourceTitle "EXT 2022"]
[Source "ChessBase"]
[SourceDate "2021.10.06"]
[SourceVersion "1"]
[SourceVersionDate "2021.10.06"]
[SourceQuality "1"]
[WhiteTeam "Pisek"]
[BlackTeam "Praha Eurovia"]
[WhiteTeamCountry "CZE"]
[BlackTeamCountry "CZE"]

1. Nf3 d5 2. g3 Nf6 3. Bg2 e6 4. d3 c5 5. 0-0 Nc6 6. Nbd2 b6 7. e4 Bb7 8. Re1 Qc7 9. c3 Be7 10. e5 Nd7 11. Qe2 g5 12. h3 h6 13. a3 0-0-0 14. b4 f6 15. bxc5 fxe5 16. cxb6 axb6 17. c4 Bf6 18. Bb2 Rhe8 19. Rac1 Nc5 20. Rcd1 Bg7 1/2-1/2

[Event "CZE-chT2C 1718"]
[Site "Czech Republic"]
[Date "2018.02.11"]
[Round "8.6"]
[White "Mouryc, Tomas"]
[Black "Grill, Roman"]
[Result "1/2-1/2"]
[WhiteElo "1971"]
[BlackElo "2093"]
[PlyCount "79"]
[EventDate "2017.10.15"]
[EventType "team-tourn"]
[EventRounds "11"]
[EventCountry "CZE"]
[SourceTitle "EXT 2022"]
[Source "ChessBase"]
[SourceDate "2021.10.06"]
[SourceVersion "1"]
[SourceVersionDate "2021.10.06"]
[SourceQuality "1"]
[WhiteTeam "Jihlava Gambit"]
[BlackTeam "Pisek"]
[WhiteTeamCountry "CZE"]
[BlackTeamCountry "CZE"]

1. c4 g6 2. Nc3 Bg7 3. Nf3 Nf6 4. g3 d6 5. Bg2 0-0 6. d3 c6 7. 0-0 Nbd7 8. e4 Qc7 9. Nh4 e5 10. Kh1 Nc5 11. f4 Bg4 12. Qc2 exf4 13. Bxf4 Nh5 14. Be3 Ne6 15. Qf2 f5 16. exf5 Bxf5 17. Nxf5 Rxf5 18. Qe2 Nd4 19. Bxd4 Rxf1+ 20. Rxf1 Bxd4 21. Qe6+ Kg7 22. Ne4 Be5 23. d4 Bxd4 24. g4 d5 25. gxh5 dxe4 26. hxg6 Rf8 27. Rxf8 Kxf8 28. Qf5+ Kg8 29. Qxe4 Bxb2 30. gxh7+ Kg7 31. Bh3 Qe5 32. Qxe5+ Bxe5 33. Bf5 b5 34. cxb5 cxb5 35. Kg2 a5 36. Bd3 a4 37. Bxb5 a3 38. Bd3 Kh8 39. h4 Bd6 40. Kf3 1/2-1/2

[Event "CZE-chT2C 1718"]
[Site "Czech Republic"]
[Date "2018.01.28"]
[Round "7.7"]
[White "Michalek, Frantisek"]
[Black "Grill, Roman"]
[Result "1/2-1/2"]
[WhiteElo "1994"]
[BlackElo "2093"]
[PlyCount "56"]
[EventDate "2017.10.15"]
[EventType "team-tourn"]
[EventRounds "11"]
[EventCountry "CZE"]
[SourceTitle "EXT 2022"]
[Source "ChessBase"]
[SourceDate "2021.10.06"]
[SourceVersion "1"]
[SourceVersionDate "2021.10.06"]
[SourceQuality "1"]
[WhiteTeam "Kolin"]
[BlackTeam "Pisek"]
[WhiteTeamCountry "CZE"]
[BlackTeamCountry "CZE"]

1. e4 g6 2. d4 Bg7 3. Nc3 c6 4. Nf3 d5 5. h3 Nf6 6. e5 Ne4 7. Bd3 Nxc3 8. bxc3 0-0 9. 0-0 c5 10. Bf4 c4 11. Be2 Nc6 12. Qd2 Qa5 13. Bh6 Nd8 14. Bxg7 Kxg7 15. Nh2 f5 16. f4 Bd7 17. Bf3 Rb8 18. g4 e6 19. gxf5 exf5 20. Rfe1 Ne6 21. Nf1 Bc6 22. Ng3 Qd8 23. Bg2 Qe7 24. Rf1 Rg8 25. Kh2 Rbf8 26. Rf2 Kh8 27. Qe3 h5 28. Ne2 Rg7 1/2-1/2

[Event "CZE-chT2C 1718"]
[Site "Czech Republic"]
[Date "2018.01.14"]
[Round "6.5"]
[White "Grill, Roman"]
[Black "Pospech, Radim"]
[Result "0-1"]
[WhiteElo "2093"]
[BlackElo "2078"]
[PlyCount "105"]
[EventDate "2017.10.15"]
[EventType "team-tourn"]
[EventRounds "11"]
[EventCountry "CZE"]
[SourceTitle "EXT 2022"]
[Source "ChessBase"]
[SourceDate "2021.10.06"]
[SourceVersion "1"]
[SourceVersionDate "2021.10.06"]
[SourceQuality "1"]
[WhiteTeam "Pisek"]
[BlackTeam "Praha Dukla"]
[WhiteTeamCountry "CZE"]
[BlackTeamCountry "CZE"]

1. Nf3 Nf6 2. g3 g6 3. Bg2 Bg7 4. c4 d6 5. Nc3 0-0 6. 0-0 e5 7. d4 Nc6 8. d5 Ne7 9. b4 a5 10. bxa5 Rxa5 11. Nd2 Nd7 12. Nb3 Ra6 13. e4 f5 14. f3 Kh8 15. Be3 f4 16. Bf2 fxg3 17. hxg3 b6 18. a4 Nf6 19. a5 bxa5 20. Rxa5 c5 21. Qa1 Rxa5 22. Nxa5 Bd7 23. Rb1 Bh6 24. Nb5 Bxb5 25. cxb5 Nc8 26. Nb7 Qc7 27. Na5 Nb6 28. Qb2 Bg7 29. Bf1 Nfd7 30. Be2 Nxd5 31. exd5 Qxa5 32. b6 e4 33. Qb3 exf3 34. Bxf3 Nxb6 35. Qxb6 Qxb6 36. Rxb6 Rxf3 37. Rxd6 Bd4 38. Bxd4+ cxd4 39. Kg2 Rf5 40. g4 Rf4 41. Kg3 d3 42. Kxf4 d2 43. Rd8+ Kg7 44. Rd7+ Kf8 45. Rxh7 d1Q 46. Ke5 Qxg4 47. d6 Qf5+ 48. Kd4 Ke8 49. Re7+ Kd8 50. Re5 Qf6 51. Kd5 g5 52. Re7 g4 53. Ra7 0-1

[Event "CZE-chT2C 1617"]
[Site "Czech Republic"]
[Date "2017.04.02"]
[Round "11.1"]
[White "Docekal, Jan"]
[Black "Grill, Roman"]
[Result "1/2-1/2"]
[WhiteElo "2337"]
[BlackElo "2076"]
[PlyCount "75"]
[EventDate "2016.10.09"]
[EventType "team-tourn"]
[EventRounds "11"]
[EventCountry "CZE"]
[SourceTitle "EXT 2022"]
[Source "ChessBase"]
[SourceDate "2021.10.06"]
[SourceVersion "1"]
[SourceVersionDate "2021.10.06"]
[SourceQuality "1"]
[WhiteTeam "Vysehrad II"]
[BlackTeam "Pisek"]
[WhiteTeamCountry "CZE"]
[BlackTeamCountry "CZE"]

1. e4 g6 2. d4 Bg7 3. Nc3 c6 4. Bc4 d6 5. a4 Nf6 6. f3 0-0 7. Be3 d5 8. exd5 Nxd5 9. Nxd5 cxd5 10. Bb3 Nc6 11. Ne2 Na5 12. Ba2 Nc4 13. Bxc4 dxc4 14. Qd2 e5 15. 0-0 Bf5 16. Rad1 Qc7 17. d5 Rfd8 18. Nc3 Qa5 19. Qf2 Qb4 20. Bc5 Qxb2 21. Ne4 Bxe4 22. fxe4 Rd7 23. Qd2 Bf8 24. d6 Qa2 25. Rf3 Qxa4 26. Rdf1 c3 27. Qd5 Qc6 28. Qxc6 bxc6 29. Rd1 Kg7 30. Rxc3 Kf6 31. Rf3+ Ke6 32. Rdf1 Bg7 33. c4 a5 34. g4 f6 35. h4 h6 36. Kg2 Rf8 37. g5 hxg5 38. hxg5 1/2-1/2

[Event "CZE-chT2C 1617"]
[Site "Czech Republic"]
[Date "2017.02.26"]
[Round "9.3"]
[White "Vojta, Tomas"]
[Black "Grill, Roman"]
[Result "1-0"]
[WhiteElo "2369"]
[BlackElo "2076"]
[PlyCount "43"]
[EventDate "2016.10.09"]
[EventType "team-tourn"]
[EventRounds "11"]
[EventCountry "CZE"]
[SourceTitle "EXT 2022"]
[Source "ChessBase"]
[SourceDate "2021.10.06"]
[SourceVersion "1"]
[SourceVersionDate "2021.10.06"]
[SourceQuality "1"]
[WhiteTeam "Vlasim"]
[BlackTeam "Pisek"]
[WhiteTeamCountry "CZE"]
[BlackTeamCountry "CZE"]

1. e4 g6 2. Nc3 Bg7 3. d4 c6 4. Be3 Qb6 5. Qd2 Qxb2 6. Rb1 Qa3 7. Bc4 d6 8. Nf3 Nf6 9. 0-0 0-0 10. e5 Ng4 11. Rb3 Qa5 12. Bg5 dxe5 13. Bxe7 exd4 14. Bxf8 dxc3 15. Qf4 Bf6 16. Bd6 g5 17. Qg3 Na6 18. Re1 Qd8 19. h3 Nh6 20. Nxg5 Bg4 21. Nxf7 Nxf7 22. Rxb7 1-0

[Event "CZE-chT2C 1617"]
[Site "Czech Republic"]
[Date "2017.01.29"]
[Round "7.3"]
[White "Marikova, Jana"]
[Black "Grill, Roman"]
[Result "1/2-1/2"]
[WhiteElo "2173"]
[BlackElo "2076"]
[PlyCount "53"]
[EventDate "2016.10.09"]
[EventType "team-tourn"]
[EventRounds "11"]
[EventCountry "CZE"]
[SourceTitle "EXT 2022"]
[Source "ChessBase"]
[SourceDate "2021.10.06"]
[SourceVersion "1"]
[SourceVersionDate "2021.10.06"]
[SourceQuality "1"]
[WhiteTeam "Ricany"]
[BlackTeam "Pisek"]
[WhiteTeamCountry "CZE"]
[BlackTeamCountry "CZE"]

1. d4 Nf6 2. c4 g6 3. Nc3 Bg7 4. e4 0-0 5. e5 Ne8 6. f4 d6 7. Nf3 c5 8. dxc5 Nc6 9. cxd6 exd6 10. Be2 Bg4 11. Be3 Qa5 12. 0-0 Rd8 13. Qb3 dxe5 14. fxe5 Nxe5 15. Rae1 Bxf3 16. Bxf3 Nd6 17. Bd5 Ng4 18. Kh1 Nxe3 19. Rxe3 Qc5 20. Ne4 Nxe4 21. Rxe4 b5 22. Ref4 bxc4 23. Bxc4 Kh8 24. Rxf7 Rxf7 25. Rxf7 Qd4 26. Bf1 a5 27. Qe6 1/2-1/2

[Event "CZE-chT2C 1617"]
[Site "Czech Republic"]
[Date "2016.10.09"]
[Round "1.3"]
[White "Grill, Roman"]
[Black "Prochazka, Jiri"]
[Result "1-0"]
[WhiteElo "2076"]
[BlackElo "2054"]
[PlyCount "64"]
[EventDate "2016.10.09"]
[EventType "team-tourn"]
[EventRounds "11"]
[EventCountry "CZE"]
[SourceTitle "EXT 2022"]
[Source "ChessBase"]
[SourceDate "2021.10.06"]
[SourceVersion "1"]
[SourceVersionDate "2021.10.06"]
[SourceQuality "1"]
[WhiteTeam "Pisek"]
[BlackTeam "Praha Vrsovice"]
[WhiteTeamCountry "CZE"]
[BlackTeamCountry "CZE"]

1. Nf3 d5 2. g3 c6 3. Bg2 e6 4. 0-0 f5 5. c4 Nf6 6. b3 Be7 7. Bb2 0-0 8. d3 a5 9. Nbd2 Nbd7 10. Qc2 Nc5 11. a3 Bd7 12. Bd4 Na6 13. e4 Be8 14. exf5 exf5 15. Ng5 Bd7 16. Nh3 Qc7 17. Qb2 Nc5 18. cxd5 Nxd5 19. Bxg7 Rf7 20. Be5 Nxd3 21. Bxc7 Nxb2 22. Bxd5 cxd5 23. Nf4 Bc6 24. Be5 d4 25. Rfb1 Re8 26. Rxb2 Bc5 27. Nc4 Rfe7 28. Nd3 Ba7 29. f4 Be4 30. Rd2 a4 31. Nd6 Rd8 32. Nb5 Bb6 1-0

[Event "CZE-chT2C 1516"]
[Site "Czech Republic"]
[Date "2016.03.13"]
[Round "9.2"]
[White "Grill, Roman"]
[Black "Adamek, Zdenek"]
[Result "0-1"]
[WhiteElo "2095"]
[BlackElo "2294"]
[PlyCount "100"]
[EventDate "2015.10.18"]
[EventType "team-tourn"]
[EventRounds "11"]
[EventCountry "CZE"]
[SourceTitle "EXT 2022"]
[Source "ChessBase"]
[SourceDate "2021.10.06"]
[SourceVersion "1"]
[SourceVersionDate "2021.10.06"]
[SourceQuality "1"]
[WhiteTeam "Pisek"]
[BlackTeam "Praha Dopravni podnik II"]
[WhiteTeamCountry "CZE"]
[BlackTeamCountry "CZE"]

1. c4 Nf6 2. g3 g6 3. Bg2 Bg7 4. Nc3 0-0 5. Nf3 d6 6. d4 Nc6 7. 0-0 a6 8. d5 Na5 9. Nd2 c5 10. Qc2 Rb8 11. b3 b5 12. Rb1 Bf5 13. e4 Bd7 14. h3 e5 15. Ne2 Nh5 16. g4 Nf4 17. Nxf4 exf4 18. Bb2 Bxb2 19. Rxb2 Qf6 20. Rbb1 Rfe8 21. Nf3 bxc4 22. bxc4 h5 23. e5 dxe5 24. Rxb8 Rxb8 25. Qc3 hxg4 26. hxg4 Bxg4 27. Qxe5 Qxe5 28. Nxe5 Bf5 29. Nc6 Nxc6 30. dxc6 Kf8 31. Rd1 Be6 32. a4 Ke7 33. c7 Rc8 34. Bb7 Rxc7 35. Bxa6 g5 36. Bb5 Ra7 37. Kg2 f5 38. Kf3 Kf6 39. Rd6 Ke5 40. Rc6 g4+ 41. Ke2 f3+ 42. Kd1 Re7 43. Kd2 Rd7+ 44. Ke1 Re7 45. Kd2 f4 46. Rxc5+ Kf6 47. Rc6 g3 48. fxg3 fxg3 49. Ke3 f2 50. c5 Kg5 0-1

[Event "CZE-chT2C 1516"]
[Site "Czech Republic"]
[Date "2016.02.21"]
[Round "8.2"]
[White "Borkovec, Milan"]
[Black "Grill, Roman"]
[Result "1-0"]
[WhiteElo "2226"]
[BlackElo "2095"]
[PlyCount "47"]
[EventDate "2015.10.18"]
[EventType "team-tourn"]
[EventRounds "11"]
[EventCountry "CZE"]
[SourceTitle "EXT 2022"]
[Source "ChessBase"]
[SourceDate "2021.10.06"]
[SourceVersion "1"]
[SourceVersionDate "2021.10.06"]
[SourceQuality "1"]
[WhiteTeam "Tabor"]
[BlackTeam "Pisek"]
[WhiteTeamCountry "CZE"]
[BlackTeamCountry "CZE"]

1. e4 g6 2. d4 Bg7 3. Nc3 c6 4. f3 d6 5. Be3 Qb6 6. Rb1 e5 7. Nge2 Na6 8. Qd2 Qa5 9. Nc1 Be6 10. Be2 0-0-0 11. d5 cxd5 12. Nb3 Qc7 13. Nb5 Qe7 14. Nxa7+ Kb8 15. exd5 Nc5 16. dxe6 Kxa7 17. Nxc5 dxc5 18. Qa5+ Kb8 19. Bxc5 Rd6 20. Qa7+ Kc8 21. Bxd6 Qxd6 22. Rd1 Qxe6 23. Qa8+ Kc7 24. Qa5+ 1-0

[Event "CZE-chT2C 1516"]
[Site "Czech Republic"]
[Date "2016.02.07"]
[Round "7.3"]
[White "Postupa, Pavel1111"]
[Black "Grill, Roman"]
[Result "1-0"]
[WhiteElo "2272"]
[BlackElo "2095"]
[PlyCount "49"]
[EventDate "2015.10.18"]
[EventType "team-tourn"]
[EventRounds "11"]
[EventCountry "CZE"]
[SourceTitle "EXT 2022"]
[Source "ChessBase"]
[SourceDate "2021.10.06"]
[SourceVersion "1"]
[SourceVersionDate "2021.10.06"]
[SourceQuality "1"]
[WhiteTeam "Pankrac II"]
[BlackTeam "Pisek"]
[WhiteTeamCountry "CZE"]
[BlackTeamCountry "CZE"]

1. e4 g6 2. d4 Bg7 3. Nc3 c6 4. Be3 Qb6 5. Qd2 Qxb2 6. Rb1 Qa3 7. Bc4 Qa5 8. Nf3 Nf6 9. 0-0 d6 10. h3 0-0 11. Ng5 Nbd7 12. f4 e5 13. fxe5 dxe5 14. Nd5 Qxd2 15. Ne7+ Kh8 16. Bxd2 Bh6 17. Nxc8 Bxg5 18. Bxg5 Nxe4 19. Bh6 Raxc8 20. Bxf8 Nd2 21. Bh6 Nxc4 22. Rxb7 Ncb6 23. Rxf7 exd4 24. Rfxd7 Nxd7 25. Rxd7 1-0

[Event "CZE-chT2C 1516"]
[Site "Czech Republic"]
[Date "2016.01.24"]
[Round "6.4"]
[White "Keller, Daniel"]
[Black "Grill, Roman"]
[Result "1/2-1/2"]
[WhiteElo "2127"]
[BlackElo "2095"]
[PlyCount "69"]
[EventDate "2015.10.18"]
[EventType "team-tourn"]
[EventRounds "11"]
[EventCountry "CZE"]
[SourceTitle "EXT 2022"]
[Source "ChessBase"]
[SourceDate "2021.10.06"]
[SourceVersion "1"]
[SourceVersionDate "2021.10.06"]
[SourceQuality "1"]
[WhiteTeam "Kutna Hora"]
[BlackTeam "Pisek"]
[WhiteTeamCountry "CZE"]
[BlackTeamCountry "CZE"]

1. e4 g6 2. d4 Bg7 3. Nf3 d5 4. e5 f6 5. exf6 Nxf6 6. Bd3 Bg4 7. Nbd2 0-0 8. h3 Bxf3 9. Nxf3 c5 10. 0-0 Nc6 11. Be3 cxd4 12. Nxd4 Qd7 13. Qd2 e5 14. Nb3 Nh5 15. Rad1 Qe6 16. Bb5 d4 17. Bg5 Nf4 18. Bxf4 Rxf4 19. Qe2 Kh8 20. g3 Rf6 21. Qg4 Qxg4 22. hxg4 Nb4 23. a3 Rb6 24. axb4 Rxb5 25. c3 b6 26. Nd2 a5 27. bxa5 Rxb2 28. Nc4 Rc2 29. Nxb6 Rxa5 30. cxd4 exd4 31. Rd3 Rc3 32. Rfd1 h6 33. Kf1 Ra2 34. Nd5 Rxd3 35. Rxd3 1/2-1/2

[Event "CZE-chT2A 1415"]
[Site "Czech Republic"]
[Date "2015.03.15"]
[Round "9.3"]
[White "Chalus, Karel"]
[Black "Grill, Roman"]
[Result "0-1"]
[WhiteElo "2106"]
[BlackElo "2149"]
[PlyCount "82"]
[EventDate "2014.11.02"]
[EventType "team-tourn"]
[EventRounds "11"]
[EventCountry "CZE"]
[SourceTitle "EXT 2022"]
[Source "ChessBase"]
[SourceDate "2021.10.06"]
[SourceVersion "1"]
[SourceVersionDate "2021.10.06"]
[SourceQuality "1"]
[WhiteTeam "Plzen Letna"]
[BlackTeam "Pisek"]
[WhiteTeamCountry "CZE"]
[BlackTeamCountry "CZE"]

1. e4 g6 2. d4 Bg7 3. Nc3 c6 4. Be3 d5 5. Qd2 dxe4 6. Nxe4 Nd7 7. 0-0-0 Ngf6 8. Nxf6+ Nxf6 9. f3 Be6 10. Kb1 0-0 11. h4 h5 12. Bh6 b5 13. Ne2 a5 14. Bxg7 Kxg7 15. Nf4 Bf5 16. Be2 Qd6 17. Rhg1 Nd5 18. Nd3 Bxd3 19. Bxd3 Qg3 20. Qe1 Qxe1 21. Rdxe1 Nb4 22. Bf1 Ra7 23. Re5 Rd7 24. c3 Nd5 25. g4 hxg4 26. Rxg4 Rh8 27. h5 Nf6 28. Rh4 Rxh5 29. Rhxh5 Nxh5 30. a4 b4 31. Rxa5 f5 32. Rc5 bxc3 33. bxc3 Ra7 34. a5 Nf6 35. a6 g5 36. Rxf5 Nd5 37. Rxg5+ Kf6 38. Rh5 Nxc3+ 39. Kc2 Nb5 40. Rh6+ Kg5 41. Rxc6 Nxd4+ 0-1

[Event "CZE-chT2A 1415"]
[Site "Czech Republic"]
[Date "2015.01.25"]
[Round "6.2"]
[White "Hinks Edwards, Thomas RJ"]
[Black "Grill, Roman"]
[Result "1-0"]
[WhiteElo "2370"]
[BlackElo "2149"]
[PlyCount "149"]
[EventDate "2014.11.02"]
[EventType "team-tourn"]
[EventRounds "11"]
[EventCountry "CZE"]
[SourceTitle "EXT 2022"]
[Source "ChessBase"]
[SourceDate "2021.10.06"]
[SourceVersion "1"]
[SourceVersionDate "2021.10.06"]
[SourceQuality "1"]
[WhiteTeam "Praha Kobylisy"]
[BlackTeam "Pisek"]
[WhiteTeamCountry "CZE"]
[BlackTeamCountry "CZE"]

1. e4 g6 2. d4 Bg7 3. f4 d5 4. e5 Nh6 5. Nf3 0-0 6. Be2 Bg4 7. Be3 Nf5 8. Bf2 Bh6 9. g3 f6 10. Nbd2 c5 11. c3 Nc6 12. h3 Bxf3 13. Nxf3 cxd4 14. cxd4 Qa5+ 15. Kf1 fxe5 16. dxe5 d4 17. Qb3+ Kh8 18. Kg2 g5 19. fxg5 Bg7 20. g4 Ne3+ 21. Bxe3 dxe3 22. Qxe3 Nxe5 23. Nxe5 Qxe5 24. Qxe5 Bxe5 25. Rhf1 Bf4 26. h4 Rad8 27. Rad1 e5 28. Bf3 b6 29. Be4 Kg7 30. Bf5 Rd2+ 31. Rxd2 Bxd2 32. Kf3 Rd8 33. Rf2 Be1 34. Rh2 Rd2 35. Rh1 Bf2 36. Rc1 Bxh4 37. Rc7+ Kf8 38. Rxh7 Bxg5 39. Rxa7 Rxb2 40. Ke4 Rb5 41. Be6 Ra5 42. Rb7 Bd8 43. Rf7+ Ke8 44. Rh7 Be7 45. Rg7 Bf6 46. Rb7 Bd8 47. Kf5 Rc5 48. Rg7 Ra5 49. Bb3 Rc5 50. Rg8+ Kd7 51. Be6+ Ke7 52. Rg7+ Kf8 53. Rh7 Ke8 54. Bf7+ Kf8 55. Bb3 Bc7 56. g5 e4+ 57. Kxe4 Re5+ 58. Kf3 Re7 59. Rh6 Kg7 60. Bc2 Rf7+ 61. Kg4 Rf4+ 62. Kh5 Bd8 63. Rh7+ Kf8 64. Kg6 Rc4 65. Rh8+ Ke7 66. Bb3 Rg4 67. Kf5 Rg1 68. Bc4 Kd7 69. Rg8 Be7 70. g6 Rg5+ 71. Kf4 b5 72. Bf7 Rg2 73. Ra8 Bf6 74. Ra7+ Kd6 75. Ra6+ 1-0

[Event "CZE-chT2A 1415"]
[Site "Czech Republic"]
[Date "2014.11.30"]
[Round "3.6"]
[White "Grill, Roman"]
[Black "Simecek, Alexej"]
[Result "1-0"]
[WhiteElo "2149"]
[BlackElo "2111"]
[PlyCount "75"]
[EventDate "2014.11.02"]
[EventType "team-tourn"]
[EventRounds "11"]
[EventCountry "CZE"]
[SourceTitle "EXT 2022"]
[Source "ChessBase"]
[SourceDate "2021.10.06"]
[SourceVersion "1"]
[SourceVersionDate "2021.10.06"]
[SourceQuality "1"]
[WhiteTeam "Pisek"]
[BlackTeam "Praha Dopravni podnik"]
[WhiteTeamCountry "CZE"]
[BlackTeamCountry "CZE"]

1. Nf3 Nf6 2. g3 g6 3. Bg2 Bg7 4. c4 d6 5. d4 0-0 6. Nc3 c6 7. 0-0 Qc7 8. Bg5 Nbd7 9. Qd2 Re8 10. e4 e5 11. d5 c5 12. Nh4 a6 13. Bh6 Bh8 14. Rae1 b5 15. f4 Ng4 16. f5 Nxh6 17. Qxh6 Bg7 18. Qd2 b4 19. Nd1 Qd8 20. Nf2 g5 21. Nf3 f6 22. h4 h6 23. hxg5 hxg5 24. Nh2 Nb6 25. Qe2 Re7 26. Bf3 Bd7 27. Bh5 Be8 28. Bg6 Nd7 29. Qh5 Nf8 30. Nfg4 Raa7 31. Re2 Bh8 32. Nh6+ Kg7 33. N2g4 Nxg6 34. fxg6 Bxg6 35. Nf5+ Bxf5 36. Rxf5 Rf7 37. Rh2 Rf8 38. Qh7# 1-0